Science Quiz

Random Science Quiz

Guillain Barre Syndrome. Quiz Stats

 Plays Quiz not verified by Sporcle

Score 0/17 Timer 05:00
0 Plays Today
Hint Answer % Correct
PathophysiologyAutoimmune
75%
TimingAcute
50%
PathophysiologyDemyelination
37.5%
TimingProgressive
25%
SymptomsMuscle Weakness
12.5%
sDysarthria
12.5%
CSFprotein
12.5%
Symptomsrespiratory weakness
0%
Symptomsfacial weakness
0%
Hint Answer % Correct
sreduced reflexes
0%
sautonomic
0%
inerve conduction studies
0%
managementIV immunoglobulins
0%
mIV methylprednisolone
0%
mPlasma Exchange
0%
mMonitoring
0%
Crespiratory failure
0%

You're not logged in!

Compare scores with friends on all Sporcle quizzes.
OR
Log In

Show Comments

Extras

Created Oct 19, 2010ReportNominate
Tags:syndrome

Top Quizzes Today


Score Distribution

Your Account Isn't Verified!

In order to create a playlist on Sporcle, you need to verify the email address you used during registration. Go to your Sporcle Settings to finish the process.

Report this User

Report this user for behavior that violates our Community Guidelines.

Details: